<?xml version="1.0" encoding="UTF-8"?>
<collection xmlns="http://www.loc.gov/MARC21/slim">
 <record>
  <leader>00821nam#a2200289#c#4500</leader>
  <controlfield tag="001">UMA-000262</controlfield>
  <controlfield tag="003">UMA</controlfield>
  <controlfield tag="005">20260304    163102</controlfield>
  <controlfield tag="008">180521suuuu####AG###########||||#0#spa#d</controlfield>
  <datafield tag="020" ind1="#" ind2="#">
   <subfield code="a">9789872954932</subfield>
  </datafield>
  <datafield tag="041" ind1="#" ind2="#">
   <subfield code="a">spa</subfield>
  </datafield>
  <datafield tag="044" ind1="#" ind2="#">
   <subfield code="a">ag#</subfield>
  </datafield>
  <datafield tag="080" ind1="#" ind2="#">
   <subfield code="a">SEDE CENTRAL 305.23 HOF</subfield>
  </datafield>
  <datafield tag="100" ind1="#" ind2="#">
   <subfield code="a">Hoffmann</subfield>
   <subfield code="b">J. Miguel</subfield>
  </datafield>
  <datafield tag="245" ind1="0" ind2="0">
   <subfield code="a">Más allá del yo: el ser, la persona</subfield>
   <subfield code="b">Reflexiones: origen / Desarrollo / Maduración. Nivel 1</subfield>
   <subfield code="c">Miguel Hoffmann</subfield>
  </datafield>
  <datafield tag="264" ind1="#" ind2="0">
   <subfield code="a">Buenos Aires (Argentina)</subfield>
   <subfield code="b">Hoffmann / CIAD</subfield>
   <subfield code="c">2013</subfield>
  </datafield>
  <datafield tag="300" ind1="#" ind2="#">
   <subfield code="a">168 páginas</subfield>
   <subfield code="c">22 x 19 cm</subfield>
  </datafield>
  <datafield tag="336" ind1="#" ind2="#">
   <subfield code="a">texto</subfield>
  </datafield>
  <datafield tag="337" ind1="#" ind2="#">
   <subfield code="a">no mediado</subfield>
  </datafield>
  <datafield tag="338" ind1="#" ind2="#">
   <subfield code="a">volumen</subfield>
  </datafield>
  <datafield tag="650" ind1="#" ind2="0">
   <subfield code="a">Psicología</subfield>
  </datafield>
  <datafield tag="650" ind1="#" ind2="0">
   <subfield code="a">Niños</subfield>
  </datafield>
  <datafield tag="650" ind1="#" ind2="0">
   <subfield code="a">Acompañamiento temprano</subfield>
  </datafield>
  <datafield tag="650" ind1="#" ind2="0">
   <subfield code="a">Desarrollo infantil</subfield>
  </datafield>
  <datafield tag="650" ind1="#" ind2="0">
   <subfield code="a">Donación Irene Jusza</subfield>
  </datafield>
  <datafield tag="650" ind1="#" ind2="#">
   <subfield code="a">Sede Central</subfield>
  </datafield>
  <datafield tag="650" ind1="#" ind2="#">
   <subfield code="a">Infancia</subfield>
  </datafield>
 </record>
</collection>
